[Event "Trondheim op-C"]
[Site "Trondheim"]
[Date "2021.05.18"]
[Round "3"]
[White "Storsanden, Aksel Larsen"]
[Black "Lovaas, Tore Hoe"]
[Result "1-0"]
[WhiteElo "1446"]
[BlackElo "1550"]
[PlyCount "83"]
[EventDate "2021.05.10"]
[EventType "tourn"]
[EventRounds "7"]
[EventCountry "NOR"]
[SourceTitle "EXT 2024"]
[Source "ChessBase"]
[SourceDate "2023.10.10"]
[SourceVersion "1"]
[SourceVersionDate "2023.10.10"]
[SourceQuality "1"]

1. e4 e6 2. d4 d5 3. exd5 exd5 4. Nf3 Bd6 5. c4 c6 6. Nc3 Nf6 7. Bg5 dxc4 8. Bxc4 0-0 9. 0-0 Bg4 10. Re1 Nbd7 11. Ne4 Be7 12. Ned2 Re8 13. Qb3 Rf8 14. Qxb7 h6 15. Bf4 Rc8 16. Qxa7 Nh5 17. Be3 Bd6 18. Qa4 Nb6 19. Qb3 Rb8 20. h3 Nd5 21. Qc2 Bxf3 22. Nxf3 Nxe3 23. Rxe3 Bf4 24. Rb3 Rc8 25. Rb7 Nf6 26. Ne5 Nd5 27. Qb3 Qd6 28. Nxc6 Qxc6 29. Bf1 Rb8 30. Rb5 Rxb5 31. Bxb5 Qd6 32. Bc4 Nb6 33. g3 Bg5 34. a4 Qxd4 35. Be2 Rb8 36. a5 Nd7 37. Qa3 Rxb2 38. Rd1 Qb4 39. Qxb4 Rxb4 40. Rxd7 Ra4 41. a6 Bf6 42. a7 1-0

[Event "Trondheim op-C"]
[Site "Trondheim"]
[Date "2021.05.11"]
[Round "2"]
[White "Hatletvedt, Adrian"]
[Black "Storsanden, Aksel Larsen"]
[Result "0-1"]
[WhiteElo "1619"]
[BlackElo "1446"]
[PlyCount "100"]
[EventDate "2021.05.10"]
[EventType "tourn"]
[EventRounds "7"]
[EventCountry "NOR"]
[SourceTitle "EXT 2024"]
[Source "ChessBase"]
[SourceDate "2023.10.10"]
[SourceVersion "1"]
[SourceVersionDate "2023.10.10"]
[SourceQuality "1"]

1. e4 c6 2. d4 d5 3. e5 c5 4. c3 Nc6 5. Nf3 cxd4 6. cxd4 Bf5 7. Nc3 e6 8. a3 Nge7 9. Bg5 h6 10. Bh4 a6 11. Be2 Qc7 12. 0-0 Bh7 13. Rc1 Nf5 14. Bg3 Nxg3 15. fxg3 Be7 16. Qd2 0-0 17. g4 Be4 18. Kh1 Bxf3 19. gxf3 Qb6 20. Rfd1 f6 21. Na4 Qa7 22. exf6 Bxf6 23. Rxc6 bxc6 24. Nc5 Bg5 25. Qd3 Rae8 26. Qxa6 Qxa6 27. Nxa6 e5 28. Kg2 exd4 29. Kf1 Bf6 30. a4 Re3 31. Nc5 Be7 32. b4 Bxc5 33. bxc5 Rc3 34. a5 Rxc5 35. a6 Ra5 36. Rxd4 Ra8 37. Kf2 Ra2 38. Ke1 Re8 39. Rd2 Rxa6 40. Kf2 Ra7 41. f4 Rf8 42. f5 g5 43. Ke3 Ra4 44. Rc2 Re8+ 45. Kd2 Kf7 46. Bd3 Rc8 47. Bb5 Rxg4 48. Bxc6 Rg2+ 49. Kd3 Rxc2 50. Bxd5+ Kf6 0-1

[Event "Trondheim Pokal TSF"]
[Site "Trondheim"]
[Date "2020.10.22"]
[Round "6"]
[White "Storsanden, Aksel Larsen"]
[Black "Overas, Alf"]
[Result "0-1"]
[WhiteElo "1451"]
[BlackElo "1723"]
[PlyCount "74"]
[EventDate "2020.09.07"]
[EventType "swiss"]
[EventRounds "9"]
[EventCountry "NOR"]
[SourceTitle "EXT 2024"]
[Source "ChessBase"]
[SourceDate "2023.10.10"]
[SourceVersion "1"]
[SourceVersionDate "2023.10.10"]
[SourceQuality "1"]

1. e4 e5 2. Nf3 Nc6 3. Nc3 Nf6 4. d4 exd4 5. Nxd4 Nxd4 6. Qxd4 d6 7. Be3 Be7 8. 0-0-0 0-0 9. f3 a6 10. Kb1 b5 11. Nd5 Nxd5 12. exd5 Bf6 13. Qd2 Re8 14. g4 h6 15. h4 Bxh4 16. Bxh6 gxh6 17. Qxh6 Bf6 18. Bd3 Bg7 19. Qf4 Qf6 20. Qxf6 Bxf6 21. g5 Bg7 22. Be4 Bb7 23. c3 Re5 24. Rhg1 Rae8 25. Kc2 Rxe4 26. fxe4 Rxe4 27. Rd2 Re5 28. g6 f5 29. Rgd1 f4 30. b3 Rg5 31. Rf1 Rxg6 32. c4 bxc4 33. bxc4 Be5 34. Kd3 Rg3+ 35. Ke2 Bc8 36. Rd3 Bg4+ 37. Kd2 Rg2+ 0-1